[Event "Gibtelecom Masters 2005"]
[Site "Gibraltar ENG"]
[Date "2005.01.01"]
[Round "8"]
[White "Lahno, Katerina"]
[Black "Quillan, Gary"]
[Result "1/2-1/2"]
[WhiteElo "2454"]
[BlackElo "2322"]
[PlyCount "76"]
[EventDate "2005.01.26"]
[EventType "swiss"]
[EventRounds "10"]
[EventCountry "ENG"]
[Source "lmi"]
[SourceDate "2005.02.03"]

1. e4 e6 2. d4 d5 3. Nc3 Bb4 4. e5 c5 5. a3 Bxc3+ 6. bxc3 Qc7 7. Qg4 f5 8. Qg3
cxd4 9. cxd4 Ne7 10. c3 O-O 11. Ne2 Nbc6 12. Nf4 Na5 13. Rb1 Bd7 14. h4 Rf7 15.
h5 Rc8 16. Rh3 Nc4 17. Be2 Qa5 18. Ra1 h6 19. Kf1 Kh7 20. Ng6 Ng8 21. Qf3 Bb5
22. Nf4 Rc6 23. a4 Ba6 24. Kg1 Nb6 25. Bd1 Nc8 26. g4 Nge7 27. Bc2 Kg8 28. Ng6
fxg4 29. Qxg4 Rxc3 30. Bd2 Rg3+ 31. Qxg3 Qxd2 32. Nxe7+ Nxe7 33. Bg6 Nxg6 34.
hxg6 Rf5 35. Qh4 Rf4 36. Qd8+ Rf8 37. Qh4 Rf4 38. Qd8+ Rf8 1/2-1/2

[Event "Gibtelecom Masters 2005"]
[Site "Gibraltar ENG"]
[Date "2005.01.01"]
[Round "8"]
[White "Mitchell, Martin"]
[Black "Radovanovic, Jovica"]
[Result "0-1"]
[WhiteElo "2147"]
[BlackElo "2329"]
[PlyCount "71"]
[EventDate "2005.01.26"]
[EventType "swiss"]
[EventRounds "10"]
[EventCountry "ENG"]
[Source "lmi"]
[SourceDate "2005.02.03"]

1. d4 Nf6 2. c4 g6 3. Nc3 Bg7 4. e4 O-O 5. Be2 d6 6. Bg5 Na6 7. h4 e5 8. d5 c6
9. h5 Qb6 10. Qd2 Nc5 11. Rh4 cxd5 12. cxd5 Bd7 13. Rb1 a5 14. Bh6 Rac8 15. Qg5
Qd8 16. Bxg7 Kxg7 17. hxg6 fxg6 18. Qh6+ Kg8 19. Nf3 Rf7 20. Qe3 a4 21. Ng5 Rg7
22. Kf1 Qa5 23. g3 b5 24. a3 b4 25. axb4 Qxb4 26. Kg2 Qd4 27. Qc1 Nb3 28. Qd1
Rb8 29. Qe1 Qd2 30. Qf1 Qxg5 31. Rh2 Rf7 32. Rd1 Ng4 33. Bxg4 Bxg4 34. Rd3 Rbf8
35. Kg1 Nc5 36. Re3 0-1

[Event "Gibtelecom Masters 2005"]
[Site "Gibraltar ENG"]
[Date "2005.01.01"]
[Round "8"]
[White "Mohamed, Mehdi Aithmido"]
[Black "Orr, Mark JL"]
[Result "1/2-1/2"]
[WhiteElo "2122"]
[BlackElo "2324"]
[PlyCount "85"]
[EventDate "2005.01.26"]
[EventType "swiss"]
[EventRounds "10"]
[EventCountry "ENG"]
[Source "lmi"]
[SourceDate "2005.02.03"]

1. e4 e6 2. d4 d5 3. Nd2 Nf6 4. e5 Nfd7 5. f4 c5 6. c3 Nc6 7. Ndf3 cxd4 8. cxd4
Qb6 9. Ne2 Bb4+ 10. Bd2 O-O 11. g3 a5 12. a3 Bxd2+ 13. Qxd2 a4 14. Nc3 Na5 15.
Rd1 Qb3 16. Bd3 Nc4 17. Bxc4 Qxc4 18. Qe2 Nb6 19. Qxc4 Nxc4 20. Nd2 Nb6 21. Nb5
Bd7 22. Nd6 Bc6 23. Rc1 Nc8 24. Nxc8 Rfxc8 25. Nf3 Bb5 26. Kd2 Bc4 27. Ne1 f6
28. Nf3 Ra6 29. Rhe1 b5 30. Re3 Rb6 31. exf6 gxf6 32. Rce1 Bb3 33. Rc3 Bc4 34.
Rce3 b4 35. Rxe6 Rcb8 36. Re8+ Rxe8 37. Rxe8+ Kf7 38. Re3 bxa3 39. bxa3 Rb2+
40. Kc3 Rb3+ 41. Kd2 Rb2+ 42. Kc3 Rb3+ 43. Kd2 1/2-1/2

[Event "Gibtelecom Masters 2005"]
[Site "Gibraltar ENG"]
[Date "2005.01.01"]
[Round "8"]
[White "Mortazavi, Ali"]
[Black "Thorfinnsson, Bragi"]
[Result "0-1"]
[WhiteElo "2371"]
[BlackElo "2435"]
[PlyCount "68"]
[EventDate "2005.01.26"]
[EventType "swiss"]
[EventRounds "10"]
[EventCountry "ENG"]
[Source "lmi"]
[SourceDate "2005.02.03"]

1. e4 c5 2. Nc3 Nc6 3. g3 g6 4. Bg2 Bg7 5. d3 d6 6. Nge2 Rb8 7. O-O e6 8. f4
Nge7 9. g4 f5 10. Ng3 O-O 11. gxf5 exf5 12. Nd5 Nxd5 13. exd5 Ne7 14. a4 Kh8
15. Qf3 Ng8 16. c4 Re8 17. Ra2 Bd7 18. b3 a6 19. Re2 Qa5 20. h4 Bd4+ 21. Kh2
Qd8 22. Kh3 Bf6 23. Rxe8 Bxe8 24. Re1 Bd7 25. h5 Bc3 26. Re2 b5 27. axb5 axb5
28. hxg6 hxg6 29. Bf1 Kg7 30. Rc2 Bf6 31. Qg2 Kf7 32. Ra2 Nh6 33. Ne2 Ng4 34.
Kg3 Ra8 0-1

[Event "Gibtelecom Masters 2005"]
[Site "Gibraltar ENG"]
[Date "2005.01.01"]
[Round "8"]
[White "Nakamura, Hikaru"]
[Black "Ward, Christopher"]
[Result "1-0"]
[WhiteElo "2613"]
[BlackElo "2485"]
[PlyCount "137"]
[EventDate "2005.01.26"]
[EventType "swiss"]
[EventRounds "10"]
[EventCountry "ENG"]
[Source "lmi"]
[SourceDate "2005.02.03"]

1. d4 Nf6 2. c4 e6 3. Nc3 Bb4 4. e3 b6 5. Nge2 Ne4 6. Qc2 Bb7 7. Nf4 O-O 8. Bd3
f5 9. O-O Bxc3 10. bxc3 c5 11. f3 Nd6 12. e4 Nc6 13. e5 Nf7 14. Qf2 Rc8 15. Be3
Qe7 16. Rac1 Kh8 17. Rfe1 Na5 18. Qe2 Ba6 19. Bf2 Qg5 20. Nh3 Qh5 21. Be3 Qh4
22. Bf2 Qh5 23. Be3 Qh4 24. Red1 Rc7 25. f4 cxd4 26. cxd4 Rfc8 27. c5 Bxd3 28.
Qxd3 bxc5 29. Qb5 Nc6 30. Rxc5 Ne7 31. Rxc7 Rxc7 32. d5 Nxd5 33. Ng5 g6 34.
Nxf7+ Kg7 35. Nd6 Nxe3 36. Ne8+ Kh6 37. Qb4 d6 38. Nxc7 Nxd1 39. Qd2 dxe5 40.
Nxe6 exf4 41. Nxf4 Nb2 42. Nd3+ g5 43. Nxb2 Qe4 44. Nd1 f4 45. h3 f3 46. g4 Qe2
47. Qd6+ Kg7 48. Qd4+ Kg8 49. Nf2 Qxa2 50. Qd8+ Kf7 51. Qd7+ Kf8 52. Qf5+ Ke8
53. Qe4+ Kd8 54. Qxf3 a5 55. Nd3 a4 56. Qf8+ Kc7 57. Qg7+ Kc8 58. Qh8+ Kc7 59.
Qxh7+ Kc8 60. Qh8+ Kc7 61. Qe5+ Kc8 62. Qc5+ Kb7 63. Qb4+ Kc7 64. Qc3+ Kd8 65.
Nc1 Qe6 66. Kf2 Qb6+ 67. Ke2 Qg1 68. Kd2 Qg2+ 69. Ne2 1-0

[Event "Gibtelecom Masters 2005"]
[Site "Gibraltar ENG"]
[Date "2005.01.01"]
[Round "8"]
[White "Osuna Vega, Enrique"]
[Black "Howell, David"]
[Result "0-1"]
[WhiteElo "2173"]
[BlackElo "2348"]
[PlyCount "78"]
[EventDate "2005.01.26"]
[EventType "swiss"]
[EventRounds "10"]
[EventCountry "ENG"]
[Source "lmi"]
[SourceDate "2005.02.03"]

1. Nf3 Nf6 2. c4 g6 3. Nc3 d5 4. Qa4+ Bd7 5. Qb3 dxc4 6. Qxc4 a6 7. Ng5 e6 8.
e4 b5 9. Qe2 b4 10. Nd1 Nc6 11. Nf3 e5 12. Qc4 Qe7 13. d3 Bg7 14. Be3 Ng4 15.
Bc5 Be6 16. Qc2 Qd7 17. h3 Nf6 18. Rc1 Ng8 19. Qa4 a5 20. Be2 Nd4 21. Qxd7+
Kxd7 22. Nxd4 exd4 23. Bg4 f5 24. exf5 gxf5 25. Bf3 Re8 26. O-O Ne7 27. a3 b3
28. Bh5 Ng6 29. f4 Bd5 30. g3 Re6 31. Bf3 Bxf3 32. Rxf3 Rc6 33. Rc4 Ke6 34. g4
Kd5 35. gxf5 Nh4 36. Rg3 Bf6 37. Nf2 Nxf5 38. Ne4 Nxg3 39. Nxf6+ Rxf6 0-1

[Event "Gibtelecom Masters 2005"]
[Site "Gibraltar ENG"]
[Date "2005.01.01"]
[Round "8"]
[White "Postny, Evgeny"]
[Black "Tissir, Mohamed"]
[Result "1/2-1/2"]
[WhiteElo "2557"]
[BlackElo "2426"]
[PlyCount "85"]
[EventDate "2005.01.26"]
[EventType "swiss"]
[EventRounds "10"]
[EventCountry "ENG"]
[Source "lmi"]
[SourceDate "2005.02.03"]

1. d4 e6 2. c4 c5 3. d5 exd5 4. cxd5 d6 5. Nf3 Ne7 6. e4 Ng6 7. h4 Nd7 8. Bb5
a6 9. Bxd7+ Bxd7 10. h5 Ne5 11. Nxe5 dxe5 12. Nd2 b5 13. f4 Bd6 14. h6 g6 15.
O-O O-O 16. Nf3 Bg4 17. Qe1 Bxf3 18. Rxf3 f5 19. Bd2 Qd7 20. fxe5 Bxe5 21. Bc3
Rae8 22. Rd1 Qd6 23. Bxe5 Rxe5 24. Qg3 Rd8 25. exf5 Rxf5 26. Qh4 Rxf3 27. gxf3
Re8 28. Re1 Rxe1+ 29. Qxe1 Kf7 30. Qc3 Qg3+ 31. Kf1 Qh3+ 32. Kg1 Qg3+ 33. Kf1
Qh3+ 34. Kg1 Qg3+ 35. Kf1 Qh3+ 36. Kg1 Qxh6 37. Qxc5 Qf4 38. Kg2 Qd2+ 39. Kh3
Qh6+ 40. Kg2 Qd2+ 41. Kh3 Qh6+ 42. Kg2 Qd2+ 43. Kh3 1/2-1/2

[Event "Gibtelecom Masters 2005"]
[Site "Gibraltar ENG"]
[Date "2005.01.01"]
[Round "8"]
[White "Radziewicz, Iweta"]
[Black "Pert, Richard G"]
[Result "1-0"]
[WhiteElo "2459"]
[BlackElo "2417"]
[PlyCount "47"]
[EventDate "2005.01.26"]
[EventType "swiss"]
[EventRounds "10"]
[EventCountry "ENG"]
[Source "lmi"]
[SourceDate "2005.02.03"]

1. d4 Nf6 2. c4 e6 3. Nc3 Bb4 4. Qc2 O-O 5. a3 Bxc3+ 6. Qxc3 b5 7. cxb5 c6 8.
e3 cxb5 9. Bxb5 Ne4 10. Qb3 Na6 11. Nf3 Rb8 12. Qa4 Nc7 13. Bd3 f5 14. O-O Bb7
15. Ne5 d6 16. Nd7 Qe8 17. Bc2 Qg6 18. Nxf8 Rxf8 19. Bxe4 Bxe4 20. f3 Bd3 21.
Re1 d5 22. Bd2 Ne8 23. Bb4 Rf6 24. Be7 1-0

[Event "Gibtelecom Masters 2005"]
[Site "Gibraltar ENG"]
[Date "2005.01.01"]
[Round "8"]
[White "Rios Gonzalez, Jose Antonio"]
[Black "Flores Chico, Jorge"]
[Result "0-1"]
[WhiteElo "2070"]
[BlackElo "2125"]
[PlyCount "54"]
[EventDate "2005.01.26"]
[EventType "swiss"]
[EventRounds "10"]
[EventCountry "ENG"]
[Source "lmi"]
[SourceDate "2005.02.03"]

1. d4 d5 2. c4 Nc6 3. Nc3 Nf6 4. Bf4 dxc4 5. d5 e5 6. dxc6 Qxd1+ 7. Rxd1 exf4
8. g3 fxg3 9. hxg3 bxc6 10. Bg2 Bd7 11. Rh4 Rb8 12. Rd2 Bd6 13. Rxc4 O-O 14. e3
c5 15. Nge2 Rb4 16. Rh4 g5 17. Rh6 Kg7 18. Rh1 Rfb8 19. f4 Rxb2 20. fxg5 Ng4
21. Be4 f5 22. gxf6+ Nxf6 23. Bc2 Re8 24. Kd1 Bg4 25. Kc1 Rbb8 26. Nf4 c4 27.
Ncd5 Ba3# 0-1

[Event "Gibtelecom Masters 2005"]
[Site "Gibraltar ENG"]
[Date "2005.01.01"]
[Round "8"]
[White "Sargissian, Gabriel"]
[Black "Efimenko, Zahar"]
[Result "1/2-1/2"]
[WhiteElo "2602"]
[BlackElo "2601"]
[PlyCount "80"]
[EventDate "2005.01.26"]
[EventType "swiss"]
[EventRounds "10"]
[EventCountry "ENG"]
[Source "lmi"]
[SourceDate "2005.02.03"]

1. d4 Nf6 2. c4 e6 3. Nf3 b6 4. g3 Ba6 5. Qb3 Nc6 6. Nbd2 d5 7. Bg2 Bd6 8. O-O
O-O 9. Qa4 Bb7 10. Nb1 Ne4 11. Nc3 Nxc3 12. bxc3 Na5 13. Nd2 Qe8 14. Qc2 dxc4
15. Bxb7 Nxb7 16. Nxc4 Qb5 17. Ne3 Qh5 18. Rd1 Rfd8 19. Bb2 Qg6 20. Qxg6 hxg6
21. f4 Be7 22. Kg2 Nd6 23. a4 c5 24. Kf3 Bf6 25. dxc5 bxc5 26. Rab1 Rab8 27.
Ba3 Rxb1 28. Rxb1 Rc8 29. Rb3 g5 30. Ng4 gxf4 31. gxf4 Nc4 32. Bc1 Bd8 33. Rb7
Ba5 34. Ne3 Nxe3 35. Bxe3 a6 36. c4 Rc6 37. Bf2 f5 38. Ra7 Bc3 39. Rd7 Rb6 40.
Bxc5 Rc6 1/2-1/2

[Event "Gibtelecom Masters 2005"]
[Site "Gibraltar ENG"]
[Date "2005.01.01"]
[Round "8"]
[White "Shaw, John"]
[Black "Avrukh, Boris"]
[Result "0-1"]
[WhiteElo "2445"]
[BlackElo "2629"]
[PlyCount "94"]
[EventDate "2005.01.26"]
[EventType "swiss"]
[EventRounds "10"]
[EventCountry "ENG"]
[Source "lmi"]
[SourceDate "2005.02.03"]

1. e4 c5 2. c3 Nf6 3. e5 Nd5 4. Nf3 Nc6 5. d4 cxd4 6. cxd4 d6 7. Bc4 e6 8. O-O
Be7 9. Qe2 O-O 10. Qe4 Bd7 11. Rd1 Rc8 12. Bd2 Qb6 13. exd6 Bxd6 14. Bxd5 exd5
15. Qxd5 Ne7 16. Qb3 Qxb3 17. axb3 a6 18. Nc3 Bf5 19. Re1 Rfd8 20. Ne4 Bxe4 21.
Rxe4 Rc2 22. Bf4 Nc8 23. Rc1 Rxb2 24. Rxc8 Rxc8 25. Bxd6 Rxb3 26. h4 f6 27. Re7
Rd8 28. Bc7 Rd5 29. Re8+ Kf7 30. Ra8 Ra3 31. Bb6 Rb5 32. Bc5 Ra2 33. g4 b6 34.
Bd6 a5 35. h5 a4 36. Nh4 Ke6 37. Bf8 Rg5 38. Nf3 Rxg4+ 39. Kf1 Rf4 40. Kg2 Rf5
41. Ra6 Kf7 42. Bd6 Rb5 43. Ra7+ Ke6 44. Bf8 Rxh5 45. Bxg7 Ra5 46. Rb7 Rb2 47.
Bf8 a3 0-1

[Event "Gibtelecom Masters 2005"]
[Site "Gibraltar ENG"]
[Date "2005.01.01"]
[Round "8"]
[White "Straub, Peter"]
[Black "Ofstad, Per"]
[Result "1/2-1/2"]
[WhiteElo "2103"]
[BlackElo "2202"]
[PlyCount "69"]
[EventDate "2005.01.26"]
[EventType "swiss"]
[EventRounds "10"]
[EventCountry "ENG"]
[Source "lmi"]
[SourceDate "2005.02.03"]

1. e4 c6 2. d4 d5 3. exd5 cxd5 4. Bd3 Nc6 5. c3 g6 6. Bf4 Bg7 7. Nf3 Nf6 8. Qc2
Bg4 9. Nbd2 Rc8 10. h3 Bxf3 11. Nxf3 O-O 12. a3 Nh5 13. Be3 Qd6 14. O-O Nf4 15.
Qd2 Nxd3 16. Qxd3 Na5 17. Nd2 a6 18. a4 Nc4 19. b3 Nxd2 20. Qxd2 Rc6 21. Bf4
Qd7 22. Rac1 Rfc8 23. Qd3 Qf5 24. Qd2 h5 25. Rc2 b5 26. axb5 axb5 27. Rfc1 e6
28. Be3 Bf8 29. Qe2 b4 30. c4 dxc4 31. Rxc4 Qe4 32. Rxc6 Rxc6 33. Rxc6 Qxc6 34.
Qc4 Qa8 35. Kf1 1/2-1/2

[Event "Gibtelecom Masters 2005"]
[Site "Gibraltar ENG"]
[Date "2005.01.01"]
[Round "8"]
[White "Tolhuizen, Ludo"]
[Black "Fraser Mitchell, Jeremy M"]
[Result "1/2-1/2"]
[WhiteElo "2288"]
[BlackElo "2092"]
[PlyCount "29"]
[EventDate "2005.01.26"]
[EventType "swiss"]
[EventRounds "10"]
[EventCountry "ENG"]
[Source "lmi"]
[SourceDate "2005.02.03"]

1. d4 f5 2. Qd3 d5 3. g4 fxg4 4. h3 Nf6 5. hxg4 Bxg4 6. Bg5 Qd7 7. Bh3 Nc6 8.
Nc3 O-O-O 9. O-O-O g6 10. Bxg4 Nxg4 11. Qg3 Bg7 12. Nf3 Qf5 13. Rhg1 h5 14. Bf4
Rhf8 15. Bxc7 1/2-1/2

[Event "Gibtelecom Masters 2005"]
[Site "Gibraltar ENG"]
[Date "2005.01.01"]
[Round "8"]
[White "Tregubov, Pavel V"]
[Black "Van den Bersselaar, Jeroen"]
[Result "1-0"]
[WhiteElo "2629"]
[BlackElo "2211"]
[PlyCount "73"]
[EventDate "2005.01.26"]
[EventType "swiss"]
[EventRounds "10"]
[EventCountry "ENG"]
[Source "lmi"]
[SourceDate "2005.02.03"]

1. d4 d5 2. c4 e6 3. Nf3 Nf6 4. Nc3 c6 5. Qb3 Be7 6. Bg5 dxc4 7. Qxc4 b5 8. Qb3
Nbd7 9. g3 Bb7 10. Bg2 O-O 11. O-O a6 12. Rfd1 h6 13. Bxf6 Nxf6 14. Ne5 Qc7 15.
a4 b4 16. Ne4 c5 17. Nxf6+ Bxf6 18. Bxb7 Qxb7 19. Nd3 cxd4 20. Qxb4 Qxb4 21.
Nxb4 e5 22. Nc6 Rfc8 23. Rac1 Kf8 24. b4 Rc7 25. f3 Rac8 26. b5 axb5 27. axb5
Bg5 28. Rc4 Be3+ 29. Kf1 Rb7 30. Rb1 Re8 31. Na5 Rb6 32. Rc6 Rbb8 33. b6 Ke7
34. Rc7+ Kd6 35. Nc4+ Ke6 36. b7 f6 37. Rb6+ 1-0

[Event "Gibtelecom Masters 2005"]
[Site "Gibraltar ENG"]
[Date "2005.01.01"]
[Round "8"]
[White "Van Eijk, Sander"]
[Black "Bryn, Askild"]
[Result "1/2-1/2"]
[WhiteElo "2216"]
[BlackElo "2009"]
[PlyCount "93"]
[EventDate "2005.01.26"]
[EventType "swiss"]
[EventRounds "10"]
[EventCountry "ENG"]
[Source "lmi"]
[SourceDate "2005.02.03"]

1. e4 c5 2. Nf3 Nc6 3. d4 cxd4 4. Nxd4 e5 5. Nb5 h6 6. Nd6+ Bxd6 7. Qxd6 Qe7 8.
Qxe7+ Ngxe7 9. Nc3 Nb4 10. Bd3 Nxd3+ 11. cxd3 d5 12. exd5 O-O 13. f4 Rd8 14.
fxe5 Nxd5 15. d4 Nb4 16. O-O Nc2 17. Rb1 Nxd4 18. Be3 Nc6 19. Nb5 Bg4 20. Rf4
Be2 21. Nd6 Rd7 22. Rf2 Bg4 23. Bf4 Nb4 24. h3 Bh5 25. g4 Bg6 26. Rd1 Nd3 27.
Rf3 Nxb2 28. Rd4 b5 29. Rb3 Nc4 30. Rxb5 Nb6 31. a4 Nc8 32. a5 Nxd6 33. exd6 a6
34. Rb6 f6 35. Rc4 Bd3 36. Rc7 Bb5 37. Rbb7 Rad8 38. Kf2 Kf7 39. Ke3 Ke6 40.
Kd4 g5 41. Bg3 Bf1 42. Kc5 Bxh3 43. Kb6 Rxd6+ 44. Bxd6 Rxd6+ 45. Kc5 Rd5+ 46.
Kc6 Rd6+ 47. Kc5 1/2-1/2

[Event "Gibtelecom Masters 2005"]
[Site "Gibraltar ENG"]
[Date "2005.01.01"]
[Round "8"]
[White "Vea, Odin Blikra"]
[Black "Patterson, Roger"]
[Result "0-1"]
[WhiteElo "2077"]
[BlackElo "2195"]
[PlyCount "84"]
[EventDate "2005.01.26"]
[EventType "swiss"]
[EventRounds "10"]
[EventCountry "ENG"]
[Source "lmi"]
[SourceDate "2005.02.03"]

1. e4 e5 2. Nf3 Nc6 3. d4 exd4 4. Bc4 Bc5 5. c3 Nf6 6. e5 d5 7. Bb5 Ne4 8. cxd4
Bb4+ 9. Bd2 Nxd2 10. Nbxd2 Bd7 11. O-O O-O 12. Qa4 Be7 13. Rfe1 a6 14. Bxc6
Bxc6 15. Qc2 Bd7 16. Qb3 Bc8 17. Rac1 b6 18. Qe3 Bd7 19. Kh1 c5 20. Red1 c4 21.
Nb1 b5 22. Nc3 Be6 23. a3 Qd7 24. Na2 a5 25. Qc3 Rfb8 26. b4 cxb3 27. Qxb3 b4
28. a4 Rc8 29. Nd2 Rxc1 30. Rxc1 Bg5 31. Rc2 Bf5 32. Rb2 Rc8 33. h3 Qc6 34. Qg3
Bxd2 35. Rxd2 Qxa4 36. Qf3 Be6 37. Kh2 b3 38. Nc3 Qc4 39. Nb1 a4 40. Rd3 Qb4
41. Nc3 Rxc3 42. Rxc3 b2 0-1

[Event "Gibtelecom Masters 2005"]
[Site "Gibraltar ENG"]
[Date "2005.01.01"]
[Round "8"]
[White "Weeramantry, Sunil"]
[Black "Nicholson, John"]
[Result "1-0"]
[WhiteElo "2258"]
[BlackElo "2026"]
[PlyCount "47"]
[EventDate "2005.01.26"]
[EventType "swiss"]
[EventRounds "10"]
[EventCountry "ENG"]
[Source "lmi"]
[SourceDate "2005.02.03"]

1. e4 c5 2. Nc3 e6 3. f4 a6 4. Nf3 Nc6 5. d4 cxd4 6. Nxd4 Nge7 7. a3 d5 8. e5
Qc7 9. Be3 Nxd4 10. Qxd4 Bd7 11. Qd2 O-O-O 12. Qf2 Re8 13. Bb6 Qb8 14. b4 f6
15. b5 a5 16. Qc5+ Nc6 17. bxc6 Bxc5 18. cxd7+ Kxd7 19. Bb5+ Kc8 20. Bxc5 fxe5
21. Bxe8 Rxe8 22. Nb5 Rd8 23. Bb6 exf4 24. Bc7 1-0

[Event "Gibtelecom Masters 2005"]
[Site "Gibraltar ENG"]
[Date "2005.01.01"]
[Round "8"]
[White "White, Kevin"]
[Black "Walton, Alan J"]
[Result "0-1"]
[WhiteElo "2035"]
[BlackElo "2181"]
[PlyCount "148"]
[EventDate "2005.01.26"]
[EventType "swiss"]
[EventRounds "10"]
[EventCountry "ENG"]
[Source "lmi"]
[SourceDate "2005.02.03"]

1. Nf3 f5 2. c4 Nf6 3. Nc3 d6 4. g3 e6 5. Bg2 Be7 6. O-O O-O 7. d3 Qe8 8. Rb1
a5 9. a3 Qh5 10. b4 e5 11. c5 axb4 12. axb4 Ng4 13. Nd5 Bd8 14. cxd6 cxd6 15.
h3 Nf6 16. Qb3 Kh8 17. Nxf6 Bxf6 18. Qd5 Be7 19. Bd2 Nd7 20. Qe6 Qe8 21. Ra1
Rxa1 22. Rxa1 Nb6 23. Qa2 Qg6 24. Qa7 Nd7 25. Nh2 e4 26. Qe3 d5 27. dxe4 dxe4
28. g4 Ne5 29. gxf5 Bxf5 30. Qg3 Qe6 31. Bc3 Bd6 32. f4 exf3 33. Nxf3 Ng6 34.
Qf2 Nf4 35. Nd4 Qg6 36. Nxf5 Nxh3+ 37. Kf1 Nxf2 38. Bxg7+ Qxg7 39. Nxg7 Kxg7
40. Bxb7 Bxb4 41. Bf3 Nh3 42. Ra4 Bd6 43. Ra7+ Rf7 44. Rxf7+ Kxf7 45. Bg4 Ng5
46. Kg2 Kg6 47. Bc8 h5 48. Bd7 Kf6 49. Be8 Ne6 50. e3 Kg5 51. Bd7 Nc5 52. Bc6
Nd3 53. Be4 Ne5 54. Bd5 Ng4 55. e4 Ne5 56. Bb7 Nd3 57. Bc8 Kh4 58. Bd7 Bg3 59.
e5 Bxe5 60. Bc8 Ne1+ 61. Kf2 Bg3+ 62. Kg1 Kg5 63. Bd7 Kf4 64. Bc8 Bh4 65. Bd7
Bg3 66. Bc8 h4 67. Bh3 Kf3 68. Bf5 Bd6 69. Kh1 Kg3 70. Bg6 h3 71. Bf5 Bf4 72.
Bb1 Ng2 73. Be4 Ne3 74. Kg1 h2+ 0-1

[Event "Gibtelecom Masters 2005"]
[Site "Gibraltar ENG"]
[Date "2005.01.01"]
[Round "8"]
[White "Williams, Simon"]
[Black "Hennigan, Michael"]
[Result "1-0"]
[WhiteElo "2487"]
[BlackElo "2408"]
[PlyCount "63"]
[EventDate "2005.01.26"]
[EventType "swiss"]
[EventRounds "10"]
[EventCountry "ENG"]
[Source "lmi"]
[SourceDate "2005.02.03"]

1. d4 Nf6 2. c4 g6 3. Nc3 Bg7 4. e4 d6 5. Nf3 O-O 6. Be2 e5 7. Be3 Na6 8. O-O
Ng4 9. Bg5 Qe8 10. c5 exd4 11. Nd5 h6 12. Be7 c6 13. Bxd6 cxd5 14. exd5 Qe4 15.
Bc4 d3 16. Qb3 Qe2 17. h3 Nf6 18. Bxd3 Qe8 19. Rac1 Qd8 20. Bxa6 bxa6 21. Bxf8
Kxf8 22. Rfd1 Ne4 23. d6 Be6 24. Qb4 f5 25. d7 a5 26. Qb7 Bf6 27. c6 Rb8 28.
Qxb8 Qxb8 29. c7 Qxc7 30. Rxc7 Bd8 31. Rc8 Ke7 32. Ne5 1-0

[Event "Gibtelecom Masters 2005"]
[Site "Gibraltar ENG"]
[Date "2005.01.02"]
[Round "9"]
[White "Agdestein, Emil"]
[Black "White, Kevin"]
[Result "0-1"]
[WhiteElo "2045"]
[BlackElo "2035"]
[PlyCount "60"]
[EventDate "2005.01.26"]
[EventType "swiss"]
[EventRounds "10"]
[EventCountry "ENG"]
[Source "lmi"]
[SourceDate "2005.02.03"]

1. e4 c5 2. Nf3 d6 3. d4 cxd4 4. Nxd4 Nf6 5. Nc3 a6 6. Bg5 e6 7. Qd2 h6 8. Bxf6
Qxf6 9. f4 Be7 10. Bd3 Nd7 11. Nb3 O-O 12. O-O b5 13. e5 dxe5 14. Ne4 Qh4 15.
fxe5 Bd8 16. Rf4 Qh5 17. Ng3 Qxe5 18. Re1 Qxb2 19. Rg4 Bg5 20. Qe2 Nf6 21. h4
Nxg4 22. hxg5 f5 23. gxf6 Nxf6 24. Rf1 Bd7 25. Rxf6 Qxf6 26. Qe4 Kf7 27. Nc5
Rad8 28. Qb7 Qd4+ 29. Kh2 Qxc5 30. Qe4 Qg5 0-1

[Event "Gibtelecom Masters 2005"]
[Site "Gibraltar ENG"]
[Date "2005.01.02"]
[Round "9"]
[White "Al Sayed, Mohamad Naser"]
[Black "Kobese, Watu"]
[Result "1-0"]
[WhiteElo "2463"]
[BlackElo "2419"]
[PlyCount "75"]
[EventDate "2005.01.26"]
[EventType "swiss"]
[EventRounds "10"]
[EventCountry "ENG"]
[Source "lmi"]
[SourceDate "2005.02.03"]

1. e4 g6 2. d4 Bg7 3. Nf3 d6 4. Bc4 e6 5. Bb3 a6 6. O-O Ne7 7. Bf4 h6 8. c3 b6
9. Nbd2 Bb7 10. Qe2 g5 11. Bg3 Ng6 12. Ne1 h5 13. f4 h4 14. f5 Nf8 15. fxe6
fxe6 16. Bf2 Nbd7 17. Be3 Qe7 18. a4 Rh6 19. Bc4 c5 20. Rc1 Bf6 21. Qg4 Bc6 22.
Nef3 Rg6 23. e5 dxe5 24. dxe5 Bxe5 25. Bd3 Rg7 26. Be4 Bd5 27. Bxg5 Bf6 28.
Bxd5 Bxg5 29. Qh5+ Kd8 30. Bxa8 Nf6 31. Qxg5 Rxg5 32. Nxg5 Ng6 33. Rce1 Ng4 34.
Nxe6+ Kc8 35. Nf8 N6e5 36. Nc4 Qc7 37. Nxe5 Nxe5 38. Rf5 1-0

[Event "Gibtelecom Masters 2005"]
[Site "Gibraltar ENG"]
[Date "2005.01.02"]
[Round "9"]
[White "Al Tamimi, Hamad"]
[Black "Cmilyte, Viktorija"]
[Result "1/2-1/2"]
[WhiteElo "2210"]
[BlackElo "2468"]
[PlyCount "110"]
[EventDate "2005.01.26"]
[EventType "swiss"]
[EventRounds "10"]
[EventCountry "ENG"]
[Source "lmi"]
[SourceDate "2005.02.03"]

1. e4 c5 2. Nf3 Nc6 3. Bb5 g6 4. Bxc6 dxc6 5. d3 Bg7 6. h3 Nf6 7. Nc3 O-O 8.
Be3 b6 9. Qd2 e5 10. Nxe5 Nxe4 11. Nxc6 Nxd2 12. Nxd8 Nc4 13. dxc4 Rxd8 14. O-O
Be6 15. Rfd1 Bxc4 16. a4 a5 17. Bf4 Bd4 18. Rab1 Re8 19. Rd2 Re6 20. Nb5 Bxb5
21. axb5 Rae8 22. c3 Be5 23. Bxe5 Rxe5 24. Rd6 R8e6 25. Rxe6 fxe6 26. b3 Kf7
27. Kf1 c4 28. bxc4 Ke7 29. Rd1 Rc5 30. Rd4 a4 31. Ke2 a3 32. Rd1 Rxc4 33. Kd3
Rf4 34. f3 Ra4 35. Kc2 a2 36. Ra1 Ra5 37. Kb3 Rxb5+ 38. Kxa2 Rg5 39. Rg1 Kd6
40. Kb3 Kc5 41. f4 Rg3 42. Re1 Rxg2 43. Rxe6 Rh2 44. f5 gxf5 45. Re5+ Kc6 46.
Rxf5 Rxh3 47. Rf6+ Kb5 48. Rf5+ Ka6 49. Kb4 Rh1 50. c4 h5 51. Rf6 Rb1+ 52. Ka4
h4 53. Rh6 Rh1 54. c5 Ra1+ 55. Kb3 Rb1+ 1/2-1/2

[Event "Gibtelecom Masters 2005"]
[Site "Gibraltar ENG"]
[Date "2005.01.02"]
[Round "9"]
[White "Arakhamia Grant, Ketevan"]
[Black "Estremera Panos, Sergio"]
[Result "1-0"]
[WhiteElo "2454"]
[BlackElo "2384"]
[PlyCount "85"]
[EventDate "2005.01.26"]
[EventType "swiss"]
[EventRounds "10"]
[EventCountry "ENG"]
[Source "lmi"]
[SourceDate "2005.02.03"]

1. e4 c5 2. Nf3 d6 3. d4 cxd4 4. Nxd4 Nf6 5. Nc3 Nc6 6. Bg5 e6 7. Qd2 Be7 8.
O-O-O O-O 9. Nb3 Qb6 10. f3 a6 11. h4 Rd8 12. Be3 Qc7 13. Qf2 Nd7 14. h5 b5 15.
Bd3 b4 16. Na4 Rb8 17. f4 Na5 18. Nxa5 Qxa5 19. b3 Bb7 20. Kb1 Bc6 21. Nb2 d5
22. exd5 Bxd5 23. Bd4 h6 24. Nc4 Bxc4 25. Bxc4 Bf6 26. g4 Bxd4 27. Rxd4 Nf6 28.
Rg1 Rxd4 29. Qxd4 Rd8 30. Qe3 Nd5 31. Bxd5 Rxd5 32. g5 hxg5 33. fxg5 Qc5 34.
Qg3 Rd2 35. Qb8+ Qf8 36. Qb7 a5 37. g6 fxg6 38. hxg6 Rf2 39. Qa6 Rf6 40. Qd3
Qc5 41. Rh1 Qf5 42. Qd8+ Rf8 43. Rh8+ 1-0